Vplyv vývoja čínskeho jüanu na čínske hospodárstvo bakalárska práca

Salvato in:
Dettagli Bibliografici
Autore principale: Žatkovičová, Michaela
Ente Autore: Fakulta medzinárodných vzťahov EU. Katedra medzinárodných ekonomických vzťahov a hospodárskej diplomacie
Altri autori: Grančay, Nóra
Natura: Libro
Lingua:slovacco
Pubblicazione: Bratislava 2015
Tags: Aggiungi Tag
Nessun Tag, puoi essere il primo ad aggiungerne!!

MARC

LEADER 00000nbm a2200000 4500
001 0202636
005 20161212100222.0
041 0 |a slo 
044 |a SK 
245 1 0 |a Vplyv vývoja čínskeho jüanu na čínske hospodárstvo  |b bakalárska práca  |c Michaela Žatkovičová ; školiteľ: Nóra Grančay 
264 1 |a Bratislava  |c 2015 
300 |a 45 s. 
100 1 |a Žatkovičová, Michaela 
700 1 |a Grančay, Nóra 
710 2 |a Fakulta medzinárodných vzťahov EU. Katedra medzinárodných ekonomických vzťahov a hospodárskej diplomacie